000 00457nam a2200157Ia 4500
008 230312s9999||||xx |||||||||||||| ||und||
020 _a0-07-064595-7
082 _a624.068
_bTID-M
100 _aTidwell;Mike.C
245 0 _aMicrocomputer Applications for Field Construction Projects
260 _bMcGraw hill
_aUSA
_c1992
300 _a339
546 _aEng.
650 _aComputer
_vMicrocomputer Applications for Field Construction Projects
942 _cBK
999 _c7816
_d7816